| 000 | 00370nam a2200133Ia 4500 | ||
|---|---|---|---|
| 008 | 230222s9999||||xx |||||||||||||| ||und|| | ||
| 020 | _a81 219 0146 4 | ||
| 040 | _cChuka University Library | ||
| 050 |
_a BSL TA 403 _bK58 1987 |
||
| 100 |
_aKhurmi, R. S. and R. S. Sedha _93606 |
||
| 245 | 0 | _aMaterial science | |
| 260 |
_aS. Chand & Co. _bNew Delhi _c1987 |
||
| 942 | _cBK | ||
| 999 |
_c11179 _d11179 |
||